000 01562cam a2200325 i 4500
005 20240305165343.0
008 050520s2005 sp 00| 0 spa d
020 _a8473512316
035 _a5599
040 _aMpons
_dBUS
_dvLex
041 0 _aspa
043 _aesp
090 _c2203
_d2203
100 1 _aFernández García, Amaya.
245 1 0 _aParticipación y colaboración ciudadana en la Administración Agraria /
_cAmaya Fernández García ; prólogo, Francisco Sosa Wagner.
_h[Recurso electrónico]
256 _aServicio en línea.
260 _aMadrid :
_bInstituto Nacional de Administración Pública,
_c2005.
300 _a297 p. ;
_c24 cm.
490 1 _aEstudios / Instituto Nacional de Administración Pública.
506 1 _aContenido solo disponible en los productos indicados
_dvLex Global
_dvLex Global (Academic Edition, excluding Law Schools)
_dvLex Global (U.S. Academic Edition, Law Schools)
_dvLex Global (U.S. Academic Edition, excluding Law Schools)
_dvLex Global (Academic Edition, Law Schools)
650 _aAdministración pública
_2Tesauro vLex
650 _2Tesauro vLex
_aDerecho de participación
650 _2Tesauro vLex
_aParticipación ciudadana
700 1 _aSosa Wagner, Francisco,
_epr.
710 2 _aInstituto Nacional de Administración Pública (España)
740 0 _avLex Libros (Servicio en línea)
810 2 _aInstituto Nacional de Administración Pública.
_tEstudios.
856 4 0 _uhttps://app.vlex.com/#/sources/participacion-colaboracion-ciudadana-administracion-agraria-5599
942 _cRAA
999 _c160635
_d160635